Existence and possibilities for creation of tourism clusters in individual regions of Slovakia
Možnosti vytvárania klastrov a ich identifikácia v ôsmich slovenských regiónoch Slovenska. Kvocient umiestnenia - location quotient. Identifikácia ekonomických možností cestovného ruchu.
Gespeichert in:
| 1. Verfasser: | |
|---|---|
| Format: | Buchkapitel |
| Sprache: | Englisch |
| Schlagworte: | |
| Tags: |
Keine Tags, Fügen Sie das erste Tag hinzu!
|
MARC
| LEADER | 00000nla a2200000 4500 | ||
|---|---|---|---|
| 001 | 0237778 | ||
| 005 | 20240524071605.3 | ||
| 041 | 0 | |a eng | |
| 044 | |a SK | ||
| 245 | 1 | 0 | |a Existence and possibilities for creation of tourism clusters in individual regions of Slovakia |c Denisa Gajdová |
| 520 | |a Možnosti vytvárania klastrov a ich identifikácia v ôsmich slovenských regiónoch Slovenska. Kvocient umiestnenia - location quotient. Identifikácia ekonomických možností cestovného ruchu. | ||
| 610 | 2 | 0 | |a údaje štatistické |
| 610 | 2 | 0 | |a ruch cestovný |
| 610 | 2 | 0 | |a podnik stredný |
| 610 | 2 | 0 | |a podnik malý |
| 610 | 2 | 0 | |a rozvoj regionálny |
| 610 | 2 | 0 | |a klaster |
| 100 | 1 | |a Gajdová, Denisa, 1977- | |